|
|
|
|
| LEADER |
00666nab a2200157 i 4500 |
| 001 |
misc4948 |
| 005 |
20191106142833.0 |
| 008 |
170607s1928 hu o 0|| hun d |
| 040 |
|
|
|a SZTE Miscellanea Repozitórium
|b hun
|
| 041 |
|
|
|a hun
|
| 245 |
0 |
0 |
|a Magyarországon lakó magántisztviselőnek Csehszlovákiából származó javadalmazása általános kereseti adó alá esik
|h [elektronikus dokumentum]
|
| 260 |
|
|
|c 1928
|
| 300 |
|
|
|a 81-82b
|
| 490 |
0 |
|
|a Polgári jog : a hazai és külföldi magánjog és hiteljog szemléje
|v 4 No. 5-6
|
| 695 |
|
|
|a Jövedelemadó jogi szabályozás
|
| 856 |
4 |
0 |
|u http://misc.bibl.u-szeged.hu/4948/1/polgari_jog_1928_081-082b.pdf
|z Dokumentum-elérés
|